The trick riddle quiz. - Statistics

General Stats
  • This quiz has been taken 4 times
    3 since last reset
  • The average score is 3 of 5
Answer Stats
Hint Answer % Correct
Such a precious quiz, oh it's my precious quiz. Gollum
100%
The day's of future past cannot keep me away from the yellow suit X-Men
67%
The rainbow of colours connects my song to the world. Kermit the frog
33%
Once apon a time I fell asleep. Sleeping beauty
33%
You can't see me but I know that Brad Pitt can. The Vanisher
33%
No matching quizzes found
Score Distribution
Percent of People with Each Score
Percentile by Number Answered
Your Score History
You have not taken this quiz since the last reset